| 000 | 00987nam0a22002531 4500 | ||
|---|---|---|---|
| 001 | rc\488109 | ||
| 005 | 20030616171350.3 | ||
| 035 | _a(NLR Aleph) 005730298 | ||
| 090 |
_a7571743 _c7571743 |
||
| 100 | _a20030616d1988 u |0rusy50 ca | ||
| 101 | 0 | _arus | |
| 102 | _aRU | ||
| 105 | _aa ||||||||| | ||
| 200 | 1 |
_aИсаак Израилевич Бродский _e[Альбом _fСост. А.Г. Петрова, О.П. Родосская _gАвт. текста И.А. Бродский] |
|
| 210 |
_aЛ. _cХудожник РСФСР _d1988 |
||
| 215 |
_a41, [8] с., [57] л. цв. ил. _cил. _d34 |
||
| 320 | _aБиблиогр. в примеч.: с. 40-42 | ||
| 702 | 1 |
_aПетрова _bА. Г. _gАнтонина Георгиевна _4220 |
|
| 702 | 1 |
_aБродский _bИ. А. _f1904-1980 _gИосиф Анатольевич _3RU\NLR\AUTH\770243879 _4080 |
|
| 801 | 0 |
_aRU _bNLR _gpsbo |
|
| 801 | 1 |
_aRU _bELAR _2rusmarc |
|
| 852 |
_aNLR _bЭ _jАлИс590/2-Б881 |
||
| 942 | _cBOOK | ||
| 980 | _aNB | ||